000 00580nam a2200217Ia 4500
003 OSt
005 20220928142354.0
006 a|||||r|||| 00| 0
007 ta
008 220927b |||||||| |||| 00| 0 eng d
024 _a19364
037 _cTextual
040 _aSDCL
_cSDCL
_beng
041 _2eng
_aeng
082 _aD6544,8:4, L2
100 _aHerskowitz Gerald J
_9503386
245 0 _aSemiconductor device modeling for computer-aided design.
260 _c1972
942 _hD6544,8:4, L2
_cTEXL
_2CC
999 _c821551
_d821551